[Event "Bijnor op"]
[Site "Bijnor"]
[Date "2023.11.30"]
[Round "2"]
[White "Indra, Shyam Singh"]
[Black "Anchal, Rastogi"]
[Result "0-1"]
[WhiteElo "1136"]
[BlackElo "1770"]
[PlyCount "68"]
[EventDate "2023.11.30"]
[EventType "swiss"]
[EventRounds "7"]
[EventCountry "IND"]
[SourceTitle "CBM 217 Extra"]
[Source "ChessBase"]
[SourceDate "2024.01.31"]
[SourceVersion "1"]
[SourceVersionDate "2024.01.31"]
[SourceQuality "1"]

1. e4 c5 2. Nf3 e6 3. Bc4 Nc6 4. 0-0 Qc7 5. Nc3 Nf6 6. d4 cxd4 7. Nxd4 a6 8. Nxc6 Qxc6 9. Bd3 b5 10. Bg5 b4 11. Bxf6 gxf6 12. Ne2 Bb7 13. Nd4 Qc7 14. Qh5 Bd6 15. Rfe1 Be5 16. Nb3 Bxb2 17. Rab1 Bc3 18. Re3 a5 19. Rg3 a4 20. Nc5 Ra5 21. Rg7 Rf8 22. Qxh7 Rxc5 23. Be2 f5 24. Rxf7 Rh8 25. Re7+ Kd8 26. Bh5 Qd6 27. Rxd7+ Qxd7 28. Qg6 Bxe4 29. Qg5+ Kc8 30. Be2 Qd6 31. h3 Bxc2 32. Rf1 b3 33. Qe3 Bd4 34. Qf3 Be4 0-1